00334nam a2200121Ia 450000500170000000800410001702000150005808200130007310000150008624500610010126000380016230000120020020250624034303.0240331s9999 xx 000 0 und d a9559513624 bDECa340 aDe Costa,J 0aSri Lankawe roma landesi neethiya saha engreesi neethiya aColombobJayatissa De Costac1993 a62 p .,